Mukāfaḥat al-thaqāfah. (Record no. 48882)

MARC details
000 -LEADER
fixed length control field 00496cam a22001931 4500
001 - CONTROL NUMBER
control field ne 66000903
003 - CONTROL NUMBER IDENTIFIER
control field DLC
005 - DATE AND TIME OF LATEST TRANSACTION
control field 20260227111823.0
008 - FIXED-LENGTH DATA ELEMENTS--GENERAL INFORMATION
fixed length control field 950414s1957 xx c 000 0 arao
010 ## - LIBRARY OF CONGRESS CONTROL NUMBER
LC control number ne 66000903
035 ## - SYSTEM CONTROL NUMBER
System control number (OCoLC)32314900
040 ## - CATALOGING SOURCE
Original cataloging agency DLC
Transcribing agency CU
Modifying agency CU
-- DLC
050 00 - LIBRARY OF CONGRESS CALL NUMBER
Classification number DT269.T8
Item number K5
100 1# - MAIN ENTRY--PERSONAL NAME
Personal name Khumayrī, al-Ṭāhir.
245 10 - TITLE STATEMENT
Title Mukāfaḥat al-thaqāfah.
260 ## - PUBLICATION, DISTRIBUTION, ETC.
Date of publication, distribution, etc. [1957]
300 ## - PHYSICAL DESCRIPTION
Extent 86 p.
Other physical details port.
Dimensions 18 cm.
651 #0 - SUBJECT ADDED ENTRY--GEOGRAPHIC NAME
Geographic name Tunis (Tunisia)
General subdivision Intellectual life.

No items available.

Powered by Koha